World brands - Statistics

General Stats
  • This quiz has been taken 129 times
  • The average score is 54 of 60
Answer Stats
Picture Answer % Correct
Adidas
99%
Google
99%
Lego
99%
Puma
99%
Microsoft
98%
Amazon
97%
Apple
97%
Barbie
97%
Disney
97%
Facebook
97%
Ford
97%
Instagram
97%
KFC
97%
McDonald‘s
97%
Nike
97%
Samsung
97%
Starbucks
97%
IKEA
96%
Netflix
96%
Toyota
96%
Twitter
96%
Visa
96%
YouTube
96%
Coca-Cola
95%
Domino‘s
95%
PlayStation
95%
Shell
95%
Spotify
95%
Audi
94%
Chrome
94%
PayPal
94%
Red Bull
94%
Snapchat
94%
Snickers
94%
Tesla
94%
Monopoly
93%
Xbox
93%
Gucci
92%
Louis Vuitton
92%
Wikipedia
92%
Lays
91%
eBay
90%
Skype
90%
Nintendo
89%
LG
88%
Pizza Hut
85%
Reddit
85%
Rolex
84%
Fila
83%
Chanel
81%
Nerf
79%
Walmart
75%
Intel
74%
Dreamworks
71%
Lufthansa
70%
Nestle
70%
Vodafone
57%
ING
56%
Wilson
56%
Gazprom
44%
No matching quizzes found
Score Distribution
Percent of People with Each Score
Percentile by Number Answered
Your Score History
You have not taken this quiz